Miasta w Szwajcarii - nagła śmierć - Statystyki

Ogólne statystyki
  • Ten quiz został rozwiązany 244 razy
  • Średni wynik to 10 z 17
Answers on the Grid
Answers color-coded by a green-red scale on the quiz's grid according to % correct below.
Bazylea
Bellinzona
Berno
Biel
Bielefeld
Davos
Dübendorf
Fryburg
Genewa
Grenoble
Lozanna
Lucerna
Lugano
Nancy
Nantes
Padwa
Sankt Gallen
Saragossa
Schaan
Sion
Turyn
Vaduz
Vevey
Vogtlandkreis
Winterthur
Zug
Zurych
 
Statystyki odpowiedzi
Odpowiedź % Poprawnych
Zurych
90%
Berno
89%
Bazylea
86%
Genewa
85%
Lozanna
85%
Lucerna
82%
Sankt Gallen
77%
Lugano
73%
Sion
63%
Davos
61%
Winterthur
53%
Zug
52%
Bellinzona
37%
Biel
34%
Vevey
34%
Fryburg
28%
Dübendorf
17%
Nie znaleziono quizów pasujących do podanych kryteriów
Rozkład punktacji
Procent ludzi z każdym wynikiem
Percentyl według liczby udzielonych odpowiedzi
Twoja historia wyników
Nie rozwiązałeś tego quizu